Dobrodružstvá rušňa Tomáša 1 /

Hlavní autor: Awdry, W., 1911-1997
Další autoři: Awdry, Christopher, 1940-, Davies, Robin, 1950-
Jazyk: Slovenština
Vydáno: V Prahe : Egmont, 2007
Vydání: 3. vyd.
Edice: Tomáš a jeho kamaráti
Témata:
Fyzický popis: [76] s. : barev. il. ; 28 cm
Knihy
Uloženo v:
LEADER 01450nam a2200433 a 4500
001 nkc20081803420
003 CZ PrNK
005 20080820150559.0
007 ta
008 080507s2007 xr a a 000 j slo
015 |a cnb001803420 
020 |a 978-80-252-0868-7  |q (váz.) 
035 |a (OCoLC)237193377 
040 |a OLA001  |b cze 
041 1 |a slo  |h eng 
072 7 |a 821-93  |x Literatura pro děti a mládež (beletrie)  |2 Konspekt  |9 26 
080 |a 821-93  |2 MRF 
080 |a 821-32  |2 MRF 
080 |a (0:82-32)  |2 MRF 
100 1 |a Awdry, W.,  |d 1911-1997  |7 xx0010566  |4 aut 
245 1 0 |a Dobrodružstvá rušňa Tomáša 1 /  |c podľa W. Awdryho ; ilustrácie Robin Davies 
250 |a 3. vyd. 
260 |a V Prahe :  |b Egmont,  |c 2007 
300 |a [76] s. :  |b barev. il. ;  |c 28 cm 
490 1 |a Tomáš a jeho kamaráti 
500 |a Přeloženo z angličtiny 
500 |a Na obálce uvedeni autoři W. a Ch. Awdry 
655 7 |a příběhy  |7 fd133204  |2 czenas 
655 7 |a publikace pro děti  |7 fd133156  |2 czenas 
655 9 |a stories  |2 eczenas 
655 9 |a children's literature  |2 eczenas 
700 1 |a Awdry, Christopher,  |d 1940-  |7 xx0010567  |4 aut 
700 1 |a Davies, Robin,  |d 1950-  |7 xx0010569  |4 ill 
830 0 |a Tomáš a jeho kamaráti  |0 s 
910 2 |a BOA001  |b M3-1204.579 
990 |a BK 
995 |a 01 
991 |b 200806 
996 6 |b 2610344107  |c M3-1204.579  |l MZK  |r Sklad / do 24 hodin  |n 0  |p p.v.  |w 000896813  |u 000010  |a 1  |e BOA001  |j MZK50  |s P